Statistiken für Mecklenburg-Vorpommern - Quiz

Klicken Sie hier um das Quiz zu spielen!

Allgemein

  • Dieses Quiz wurde 2.686 mal gespielt
  • Das Durchschnittsergebnis liegt bei 10 aus 20

Antwortstatistiken

HinweisAntwort% Korrekt
HauptstadtSchwerin
97%
Größte StadtRostock
96%
Angrenzendes MeerOstsee
89%
Größte deutsche InselRügen
87%
Insel, die zu einem kleinen Teil auch zu Polen gehörtUsedom
68%
Umstrittene Gaspipeline, die Deutschland mit Gas aus Russland versorgen sollteNord Stream 2
67%
Hansestadt und Universitätsstadt an der KüsteGreifswald
61%
Berühmte Felsen auf dieser InselKreidefelsen
59%
Größter Binnensee innerhalb DeutschlandsMüritz
57%
Hansestadt, die bis 1803 unter schwedischer Herrschaft standWismar
52%
Ehemaliger Bundespräsident, der in der größten Stadt geboren wurdeJoachim Gauck
43%
Stadtteil, bekannt für seinen HafenWarnemünde
39%
Stadt mit sehr gut erhaltener Stadtbefestigung und dem Namenszusatz „Vier-Tore-Stadt“Neubrandenburg
35%
Sitz des Landtags von Mecklenburg-Vorpommern (Gebäudename)Schweriner Schloss
34%
Flächenmäßig größter Landkreis DeutschlandsMecklenburgische Seenplatte
33%
Längster Fluss innerhalb von Mecklenburg-Vorpommerns im Südwesten des LandesElde
30%
Drittgrößte Insel Mecklenburg-VorpommernsPoel
28%
Fluss, der bei der größten Stadt in die Ostsee mündetWarnow
24%
Seit 1990 jährlich stattfindendes klassisches Musikfestival an Spielorten im ganzen BundeslandFestspiele Mecklenburg-Vorpommern
10%
Größter Arbeitgeber in Mecklenburg-VorpommernAIDA Cruises
8%

Verteilung der Resultate

Perzentil nach korrekt beantworteten Fragen

Anzahl Personen mit jedem Resultat

Ihre Resultats-Entwicklung

Sie haben dieses Quiz noch nicht gespielt